Informalidad y exclusión social

Saved in:
Bibliografiske detaljer
Hovedforfatter: Carpio, Jorge (Author)
Format: Bog
Sprog:spansk
Udgivet: Buenos Aires Fondo de Cultura Económica de Argentina 2000
Serier:Sección Obras de Sociología
Fag:
Tags: Tilføj Tag
Ingen Tags, Vær først til at tagge denne postø!

MARC

LEADER 00000nam a2200000 a 4500
001 UCO4491
003 CL-VaPUC
008 000804e20000000AG |||||||||||||||||spa|d
082 0 4 |a 331.133  |b CAR  |2 21 
100 0 |a Carpio, Jorge  |e author  |9 449043 
245 1 0 |a Informalidad y exclusión social 
300 |a 336 p 
942 |c BK 
945 |d 20000804 00:00:00  |a vberengu 
260 |a Buenos Aires  |b Fondo de Cultura Económica de Argentina  |c 2000 
650 0 |a Desarrollo económico y social   |9 256320 
650 7 |a DISCRIMINACION LABORAL  |2 CL-VaPUC  |9 410817 
650 0 |a Discriminación social  |9 323032 
650 0 |a Estado y sociedad  |9 345536 
650 0 |a Grupos sociales  |9 268887 
650 0 |a Igualdad de oportunidades  |9 331873 
650 0 |a Macroeconomía   |9 260301 
650 0 |a Política gubernamental  |9 262286 
650 0 |a Trabajadores  |9 260887 
583 |a last modification  |c 20160913 10:22:48  |k Rodrigo Vera 
490 0 |a Sección Obras de Sociología 
999 |c 290529  |d 290527 
952 |0 0  |1 0  |4 0  |6 331_133000000000000_CAR_2000  |7 0  |8 A  |9 340023  |a BIBGIM  |b BIBGIM  |d 2019-11-20  |i 3639126  |o 331.133 CAR 2000  |p 3639126  |r 2025-01-15  |w 2019-11-20  |y BK  |k GIM 
952 |0 0  |1 0  |4 0  |6 331_133000000000000_CAR_2000  |7 0  |8 A  |9 340024  |a BIBGIM  |b BIBGIM  |d 2019-11-20  |i 3787486  |o 331.133 CAR 2000  |p 3787486  |r 2025-01-15  |w 2019-11-20  |y BK  |k GIM 
952 |0 0  |1 0  |4 0  |6 331_133000000000000_CAR_2000  |7 0  |8 A  |9 340025  |a BIBEDU  |b BIBEDU  |d 2019-11-20  |i 3644235  |o 331.133 CAR 2000  |p 3644235  |r 2019-11-20  |w 2019-11-20  |y BK  |k PSI